000 01255 a2200253 4500
999 _c9839
_d9839
020 _a9780521820295 (hardback)
020 _a9780521527293 (pbk.)
050 0 0 _aK 3525 BOW 2010
100 1 _aBowman, Michael.
_eauthor
245 1 0 _aLyster's international wildlife law.
_cMichael Bowman, Peter Davies, Catherine Redgwell
250 _a2nd ed.
264 _aU.K. :
_bCambridge University Press,
_c2010
300 _axxvi, 755 p. ;
500 _aIncludes bibliographical references and index.
504 _aIncludes bibliographical references and index.
650 0 _aWildlife conservation (International law)
700 1 _aDavies, Peter G. G.
_eauthor
700 1 _aRedgwell, Catherine.
_eauthor
856 4 2 _3Contributor biographical information
_uhttp://www.loc.gov/catdir/enhancements/fy1012/2010037291-b.html
856 4 2 _3Publisher description
_uhttp://www.loc.gov/catdir/enhancements/fy1012/2010037291-d.html
856 4 1 _3Table of contents only
_uhttp://www.loc.gov/catdir/enhancements/fy1012/2010037291-t.html
942 _2lcc
_cBK
_e2nd ed.
_h3525
_iBOW
_kK